| 000 | 00565nam a22002177a 4500 | ||
|---|---|---|---|
| 003 | OSt | ||
| 005 | 20220107122845.0 | ||
| 008 | 180925b xxu||||| |||| 00| 0 eng d | ||
| 020 | _a9781119385974 | ||
| 040 | _cIIITMK | ||
| 082 | _a658.404 KER/P | ||
| 100 |
_aKerzner, Harold _914952 |
||
| 245 |
_aProject management case studies _cHarold Kerzner |
||
| 250 | _a5 | ||
| 260 |
_aHoboken, _bWiley, _c2017. |
||
| 300 | _axv, 799p. | ||
| 650 |
_aMANAGEMENT SCIENCE _914953 |
||
| 650 |
_aPROJECT MANAGEMENT _914954 |
||
| 650 |
_aCASE STUDIES _914955 |
||
| 942 |
_2ddc _cBK |
||
| 999 |
_c6243 _d6243 |
||